| 000 | 00719nam a22002057a 4500 | ||
|---|---|---|---|
| 999 |
_c168067 _d168067 |
||
| 005 | 20190925160613.0 | ||
| 010 | _aENG-126556 | ||
| 020 |
_c675.00 _a9789353439828 |
||
| 035 | _aEN-110088 | ||
| 037 | _bDBAD/PUB | ||
| 082 |
_a338.5 _212th |
||
| 100 | _aCase.Karl E. | ||
| 245 |
_aPrinciples Of Microeconomics / _cBy Karl E.Case...(etc...all) |
||
| 260 |
_aNoida _bPearson India education services pvt. ltd _c2017 |
||
| 270 |
_bU.P _a15th floor,tower-b,world trade tower ,plot no. 1,bllock -c,sector 16 Noida _e201301 _mcompanysecretary.india@pearson.com _k04466540100 |
||
| 300 |
_a525p. _c27cm,(pbk) |
||
| 700 | _aBy Fair, Ray C. | ||
| 700 | _aBy Oster, Sharon E. | ||
| 942 |
_2ddc _cEN _h338.5 _mCAS |
||